000 01905cam a22003374a 4500
001 15295213
003 OSt
005 20230704084606.0
008 080509s2008 enk 001 0 eng
010 _a 2008021289
020 _a9780199235865
040 _aDLC
_cDLC
_dDLC
043 _ae-uk---
050 0 0 _aKD3040
_b.S4 2008
082 0 0 _a344.4101
_222
_bSEL
100 1 _aSelwyn, Norman M.
245 1 0 _aSelwyn's law of employment /
_cNorman Selwyn.
246 3 0 _aLaw of employment
250 _a4th ed.
260 _aOxford ;
_aNew York :
_bOxford University Press,
_c2008.
300 _acv, 636 p. ;
_c25 cm.
500 _aIncludes index.
500 _aVols. for 2011- cataloged as a serial in LC.
_5DLC
505 0 _aThe institutions of employment law -- The nature of a contract of employment -- The formation of a contract of employment -- Discrimination in employment -- Equal pay -- Maternity, paternity and parental rights -- Employment protection -- Protection of wages -- Transfer of undertakings -- Performance of the contract of employment -- Health and safety at work -- Disciplinary, dismissal and grievance procedures -- Continuous employment -- Normal working hours and a week's pay -- Rights in notice -- Wrongful dismissal -- Unfair dismissal -- Redundancy -- Duties of ex-employees -- Practice and procedure -- Individual trade union rights -- The law relating to trade unions -- Law relating to industrial relations.
650 0 _aLabor laws and legislation
_zGreat Britain.
650 0 _aLabor contract
_zGreat Britain.
856 4 1 _3Table of contents only
_uhttp://www.loc.gov/catdir/toc/ecip0818/2008021289.html
906 _a7
_bcbc
_corignew
_d1
_eecip
_f20
_gy-gencatlg
942 _2ddc
_cBK
999 _c3570
_d3570